WYMIEŃ PRODUCENTÓW LAPTOPÓW: - Statystyki

Ogólne statystyki
  • Ten quiz został rozwiązany 195 razy
  • Średni wynik to 5 z 8
Statystyki odpowiedzi
Odpowiedź % Poprawnych
Lenovo
89%
Asus
70%
HP
70%
Acer
65%
Apple
65%
Dell
59%
MSI
25%
Toshiba
24%
Nie znaleziono quizów pasujących do podanych kryteriów
Rozkład punktacji
Procent ludzi z każdym wynikiem
Percentyl według liczby udzielonych odpowiedzi
Twoja historia wyników
Nie rozwiązałeś tego quizu